01236cam a22002771 450000100060000000300080000600500170001400800410003103500190007204000350009104100080012604200120013408200240014610000560017024501980022626001000042430000440052449000510056850000200061965000320063970000730067190600450074494200120078999900170080195201400081822716BD-RjUL20211209000837.0201221r19241904enk 001 0 eng  a(BD-RjUL)22781 aDLCcOCXdOCXdOCoLCdDLCbeng aeng apremarc 223a822.1bMAC 19241 aFurnivall, Frederick James,d1825-1910,eed.96124914aThe Macro plays: 1. Mankind (ab. 1475) 2. Wisdom (ab. 1460) 3. The castle of perseverance (ab. 1425)cEd. by F.J. Furnivall ... and Alfred W. Pollard ... with introduction and glossarial index. aLondon:bFor the Early English Text Society by K. Paul, Trench, Trübner & Co., limited,c1924 axlii, 210 p., 1 l. incl. front.c23 cm.0 aEarly English Text Society, Extra series,vXCI aIncludes index. 0aMoralities, English.9546811 aPollard, Alfred W.q(Alfred William),d1859-1944,ejoint ed.9242768 a7bcbccoclcrplduencipf19gy-gencatlg 2ddccBK c22716d22716 00102ddc40708NFICaRUCLbRUCLcStackd1956-11-06eB.H. Blackwellg0.00l0o822.1 MAC 1924r2020-12-21 00:00:00tC-2w2020-12-21yBK